The impact of development policies on health / a review of the literature / (Record no. 877)

000 -LEADER
fixed length control field 01511nam a22004337a 4500
001 - CONTROL NUMBER
control field 23164246
003 - CONTROL NUMBER IDENTIFIER
control field OSt
005 - DATE AND TIME OF LATEST TRANSACTION
control field 20210426095704.0
008 - FIXED-LENGTH DATA ELEMENTS--GENERAL INFORMATION
fixed length control field 980429n1990 xx u001 0 eng u
020 ## - INTERNATIONAL STANDARD BOOK NUMBER
International Standard Book Number 9241561416
025 ## - OVERSEAS ACQUISITION NUMBER
Overseas acquisition number 000000073017
040 ## - CATALOGING SOURCE
Original cataloging agency WIC
Transcribing agency WIC
Language of cataloging eng
041 ## - LANGUAGE CODE
Language code of text/sound track or separate title eng
049 ## - LOCAL HOLDINGS (OCLC)
Holding library YYEA
-- VZYM
080 ## - UNIVERSAL DECIMAL CLASSIFICATION NUMBER
Universal Decimal Classification number 614
Item number I-56
099 ## - LOCAL FREE-TEXT CALL NUMBER (OCLC)
Classification number INTERNET LINK
245 04 - TITLE STATEMENT
Title The impact of development policies on health / a review of the literature /
Remainder of title / by: World Health Organization
260 ## - PUBLICATION, DISTRIBUTION, ETC.
Place of publication, distribution, etc. Geneva, :
Name of publisher, distributor, etc. World Health Organization
Date of publication, distribution, etc. 1990.
300 ## - PHYSICAL DESCRIPTION
Extent ix, 165 p. ;
Dimensions 24 cm.
500 ## - GENERAL NOTE
General note EINSTEIN & MMC: available online via World Health Organization. See Reference staff for assistance.
504 ## - BIBLIOGRAPHY, ETC. NOTE
Bibliography, etc. note Includes bibliographies.
590 ## - LOCAL NOTE (RLIN)
Local note c. 1 Global Sub.
650 #2 - SUBJECT ADDED ENTRY--TOPICAL TERM
Topical term or geographic name entry element Public Policy.
650 #0 - SUBJECT ADDED ENTRY--TOPICAL TERM
Topical term or geographic name entry element Public Health
9 (RLIN) 337
650 #2 - SUBJECT ADDED ENTRY--TOPICAL TERM
Topical term or geographic name entry element Economics.
650 #2 - SUBJECT ADDED ENTRY--TOPICAL TERM
Topical term or geographic name entry element Health.
650 #2 - SUBJECT ADDED ENTRY--TOPICAL TERM
Topical term or geographic name entry element Developing Countries.
653 ## - INDEX TERM--UNCONTROLLED
Uncontrolled term საზოგადოებრივი ჯანდაცვა
653 ## - INDEX TERM--UNCONTROLLED
Uncontrolled term განვითარებადი ქვეყნები
655 #7 - INDEX TERM--GENRE/FORM
Genre/form data or focus term Electronic books.
700 1# - ADDED ENTRY--PERSONAL NAME
Personal name Weil, Diana E. Cooper.
700 ## - ADDED ENTRY--PERSONAL NAME
Personal name Alicbusan, P. Adelaida
9 (RLIN) 645
700 ## - ADDED ENTRY--PERSONAL NAME
Personal name Wilson, F. John
9 (RLIN) 646
700 ## - ADDED ENTRY--PERSONAL NAME
Personal name Reich, R. Michael
9 (RLIN) 647
700 ## - ADDED ENTRY--PERSONAL NAME
Personal name Bradley, J. David
9 (RLIN) 648
710 2# - ADDED ENTRY--CORPORATE NAME
Corporate name or jurisdiction name as entry element World Health Organization (Online Service)
856 41 - ELECTRONIC LOCATION AND ACCESS
Uniform Resource Identifier <a href="https://apps.who.int/iris/handle/10665/39850 ">https://apps.who.int/iris/handle/10665/39850 </a>
Public note available from World Health Organization
942 ## - ADDED ENTRY ELEMENTS (KOHA)
Source of classification or shelving scheme
Koha item type Books
Holdings
Withdrawn status Lost status Source of classification or shelving scheme Damaged status Not for loan Permanent location Current location Date acquired Inventory number Total Checkouts Full call number Barcode Date last seen Price effective from Koha item type
          Ken Walker International University Ken Walker International University 12/29/2020 2356   614 I-56 2356 12/29/2020 12/29/2020 Books

Powered by Koha